LIBRARY & INFORMATION CENTRE, KCAET, TAVANUR

ONLINE PUBLIC ACCESS CATALOGUE (OPAC)

Study on Drying Kinetics of Moringa leaves using cabinet, fluidized bed and infrared dryer (Record no. 17407)

MARC details
000 -LEADER
fixed length control field 00493nam a22001697a 4500
003 - CONTROL NUMBER IDENTIFIER
control field OSt
082 ## - DEWEY DECIMAL CLASSIFICATION NUMBER
Classification number 631.56
Item number AKS/STU
088 ## - REPORT NUMBER
Report number T 518
100 ## - MAIN ENTRY--AUTHOR NAME
Personal name Akshatha Varma
100 ## - MAIN ENTRY--AUTHOR NAME
Personal name Ardra S
100 ## - MAIN ENTRY--AUTHOR NAME
Personal name Bhagya K C
245 ## - TITLE STATEMENT
Title Study on Drying Kinetics of Moringa leaves using cabinet, fluidized bed and infrared dryer
260 ## - PUBLICATION, DISTRIBUTION, ETC. (IMPRINT)
Place of publication KCAET,Tavanur
Name of publisher Department of processing and food engineering
Year of publication 2021
300 ## - PHYSICAL DESCRIPTION
Number of Pages 59 p
700 ## - ADDED ENTRY--PERSONAL NAME
Personal name Prince M V (guide)
942 ## - ADDED ENTRY ELEMENTS (KOHA)
Koha item type Project Report
Holdings
Collection code Home library Current library Shelving location Full call number Accession Number Koha item type
Reference KAUAET KAUAET Reference 631.56 AKS/STU T 518 Project Report
free website counter